Motor Control and Learning in Childhood and Adolescence (Record no. 14595)

MARC details
000 -LEADER
fixed length control field 01181nam a2200133Ia 4500
008 - FIXED-LENGTH DATA ELEMENTS--GENERAL INFORMATION
fixed length control field 220615s9999||||xx |||||||||||||| ||und||
020 ## - INTERNATIONAL STANDARD BOOK NUMBER
International Standard Book Number 9783040000000
245 #0 - TITLE STATEMENT
Title Motor Control and Learning in Childhood and Adolescence
Remainder of title Interactions with Sports and Exercise
546 ## - LANGUAGE NOTE
Language note English[eng]
650 ## - SUBJECT ADDED ENTRY--TOPICAL TERM
Topical term or geographic name entry element VO2max||anthropometric||body composition||maturation||peak power||training load||exercise indexes||exercise dependency||COVID-19 pandemic||team sports||individual sports||badminton||short-term training||high-intensity interval training||adolescent anaerobic||motor skills||fundamental movement skills||play||preschool||early childhood education centers||physical literacy||young children||early childhood||cross-sectional||observational||jumping performance||speed||agility||team sport||perceived difficulty||psychomotor performance||diurnal variation||child||mood||soccer||school-based exercise||pediatric health||concentration||gender difference||exercise intervention||video modeling||static pictures||motor learning||basketball||physical education
700 ## - ADDED ENTRY--PERSONAL NAME
Personal name Clemente, Filipe Manuel||Silva, Ana Filipa
856 ## - ELECTRONIC LOCATION AND ACCESS
Uniform Resource Identifier <a href="https://mdpi.com/books/pdfview/book/4940">https://mdpi.com/books/pdfview/book/4940</a>
942 ## - ADDED ENTRY ELEMENTS (KOHA)
Koha item type E-Books
Holdings
Withdrawn status Lost status Damaged status Not for loan Home library Current library Date acquired Total Checkouts Date last seen Price effective from Koha item type
        Kerala University of Digital Sciences, Innovation and Technology Knowledge Centre Kerala University of Digital Sciences, Innovation and Technology Knowledge Centre 15/06/2022   15/06/2022 15/06/2022 E-Books